000
00301nam a2200109Ia 4500
008
171211s9999 xx 000 0 und d
245
4
_a
The Intelligent Web
245
_c
Gautam Shroff
260
_c
2013
650
_x
INFORMATION TECHNOLOGIES
856
_u
http://down.ebook777.com/063/9780199646715.pdf
999
_c
349718
_d
349718